Lírica (antologia) (Registo nº 76316)

Detalhes MARC
000 -Etiqueta do registo
campo de controlo de comprimento fixo 00287 a2200121 4500
001 - Identificador do registo
Campo de controlo 76316
005 - Identificador da versão
Campo de controlo 20260416140202.0
010 ## - ISBN
Número (ISBN) 972-747-166-8
100 ## - Dados Gerais de Proc.
Dados gerais de processamento 20260416 pory50
200 ## - Título
Título próprio Lírica (antologia)
Primeira menção de responsabilidade Luís de Camões
210 ## - Publicação, Distribuição
Nome do editor, distribuidor, etc. RBA Editores
Data da publicação, distribuição, etc. 1996
090 ## - Números de controlo do sistema (Koha)
Número biblioitem do Koha (gerado automaticamente) 76316
942 ## - Elementos de entrada adicionados (Koha)
Tipo de item no Koha Monografias

Não há exemplares disponíveis.